| 000 | 01357nam a22003137a 4500 | ||
|---|---|---|---|
| 003 | EG-ScBUE | ||
| 005 | 20211212111131.0 | ||
| 008 | 120423s1997 ua f b 000 0 dara d | ||
| 017 | _a97 / 10546 | ||
| 020 | _a9775067219 | ||
| 040 |
_aEG-ScBUE _bara _erda _cEG-ScBUE _dEG-ScBUE |
||
| 082 | 0 | 4 |
_a809 _bم ك ا _222 |
| 100 |
_929720 _aمكاوي، عبد الغفار، _d1930-2012، _eمؤلف. |
||
| 245 | 1 | 2 |
_aالنور والفراشة : _bرؤية جوته للإسلام وللأدبين العربي والفارسي مع النص الكامل للديوان الشرقي / _cقدمه للعربية مع تعليقات وشروح عبد الغفار مكاوي. |
| 250 | _aالطبعة الثانية. | ||
| 264 | 1 |
_aالقاهرة : _bأبوللو، _c1997. |
|
| 300 |
_a489 صفحة ؛ _c22 سم |
||
| 336 |
_2rdacontent _aنص _btxt |
||
| 337 |
_2rdamedia _aبدون وسيط _bn |
||
| 338 |
_2rdacarrier _aمجلد _bnc |
||
| 504 | _aيشتمل على إرجاعات ببليوجرافية. | ||
| 600 | 1 | 7 |
_aجوته، يوهان ولفجانج فون، _d1749-1832. _2BUEsh |
| 650 | 7 |
_929722 _aالأدب العربي _xتاريخ ونقد. _2BUEsh |
|
| 650 | 7 |
_aالأدب الفارسي _xتاريخ ونقد. _2BUEsh _941806 |
|
| 651 | _2BUEsh | ||
| 653 |
_bGGEN _cDecember2021 |
||
| 655 |
_vReading book _934232 |
||
| 942 |
_2ddc _cBB |
||
| 999 |
_c16687 _d16687 |
||